|
|
|
|
| LEADER |
01030cim a2200349 i 4500 |
| 001 |
000049970 |
| 003 |
10147 |
| 005 |
20030324154613.0 |
| 008 |
010426|1975 vm 000 eng |
| 020 |
|
|
|a 0521263506
|
| 040 |
|
|
|a IRC
|c IRC
|d IRC
|
| 041 |
0 |
|
|a eng
|
| 082 |
1 |
4 |
|a 428.1
|b TR-J
|
| 100 |
1 |
|
|a Trim, J. L. M.
|q (John Leslie Melville)
|
| 245 |
0 |
0 |
|a English pronunciation illustrated
|h [Cassette-Băng cát-xét] :
|b cassette 2 /
|c John Trim.
|
| 260 |
|
|
|a Cambridge [Eng.] ; New York :
|b Cambridge University Press,
|c 1975.
|
| 300 |
|
|
|a 1 audio cassette (69 minutes approx.)
|
| 630 |
0 |
4 |
|a English language.
|
| 630 |
0 |
4 |
|a Pronunciation.
|
| 630 |
0 |
4 |
|a Phonetic transcriptions.
|
| 650 |
0 |
4 |
|a English language
|x Pronunciation.
|
| 650 |
0 |
4 |
|a English language
|x Phonetic transcriptions.
|
| OWN |
|
|
|a DUT
|
| 999 |
|
|
|a From the UDN01
|
| TYP |
|
|
|a Sound recording
|
| TYP |
|
|
|a Monograph
|
| 980 |
|
|
|a Mạng thư viện Đại học Đà Nẵng
|